[Event "CYCC U08 w"]
[Site "Ottawa CAN"]
[Date "2007.07.03"]
[Round "2"]
[White "Bilodeau Savaria, Cendrina"]
[Black "Duncalfe, Justine"]
[Result "1-0"]
[WhiteElo "1046"]
[BlackElo "938"]
[PlyCount "57"]
[GameId "2160767910650670"]
[EventDate "2007.07.03"]
[EventType "tourn"]
[EventRounds "7"]
[EventCountry "CAN"]
[SourceTitle "EXT 2022"]
[Source "ChessBase"]
[SourceDate "2021.10.06"]
[SourceVersion "1"]
[SourceVersionDate "2021.10.06"]
[SourceQuality "1"]

1. d4 e5 2. dxe5 Nh6 3. e3 d6 4. exd6 cxd6 5. Be2 Rg8 6. Nf3 Nf5 7. O-O g5 8. Bd2 d5 9. Re1 d4 10. e4 d3 11. exf5 dxe2 12. Qxe2+ Qe7 13. Qxe7+ Bxe7 14. Re2 Kd7 15. Nxg5 Bxg5 16. Bxg5 Rxg5 17. f6 Kc7 18. Re7+ Bd7 19. Rxf7 Re5 20. h3 Re1+ 21. Kh2 Kc8 22. Rf8+ Kc7 23. f7 Na6 24. Rxa8 Nc5 25. f8=Q Ne6 26. Qb4 a6 27. Qxe1 a5 28. Qe5+ Kc6 29. Rh8 1-0

[Event "CYCC U08 w"]
[Site "Ottawa CAN"]
[Date "2007.07.03"]
[Round "2"]
[White "Giblon, Melissa"]
[Black "Wang, Kelly"]
[Result "0-1"]
[WhiteElo "1012"]
[BlackElo "1388"]
[PlyCount "144"]
[GameId "2160767910650671"]
[EventDate "2007.07.03"]
[EventType "tourn"]
[EventRounds "7"]
[EventCountry "CAN"]
[SourceTitle "EXT 2022"]
[Source "ChessBase"]
[SourceDate "2021.10.06"]
[SourceVersion "1"]
[SourceVersionDate "2021.10.06"]
[SourceQuality "1"]

1. e4 e5 2. Nf3 Nc6 3. Bb5 a6 4. Ba4 Nf6 5. Nc3 Bb4 6. a3 Bxc3 7. dxc3 d6 8. h3 Nxe4 9. O-O Bd7 10. Qe2 Nf6 11. Bg5 h6 12. Bxf6 Qxf6 13. Rfe1 O-O-O 14. Nd2 Qg6 15. Ne4 Bxh3 16. g3 f5 17. Kh2 Bg4 18. f3 Qh5+ 19. Kg1 Bxf3 20. Qh2 Qxh2+ 21. Kxh2 Bxe4 22. g4 Rhf8 23. Kg3 f4+ 24. Kh2 Bg6 25. Bb3 f3 26. Be6+ Kb8 27. Kg3 f2 28. Rf1 Bxc2 29. Rxf2 Rxf2 30. Kxf2 Rf8+ 31. Ke2 g6 32. Kd2 Be4 33. Re1 Bf3 34. Rf1 h5 35. gxh5 gxh5 36. Ke3 e4 37. Bd5 Rh8 38. Bxe4 Bxe4 39. Kxe4 h4 40. Rh1 h3 41. Kf3 Ne5+ 42. Kg3 Nd3 43. b3 h2 44. Rxh2 Rxh2 45. Kxh2 c5 46. b4 cxb4 47. axb4 b6 48. Kg2 a5 49. Kf3 a4 50. Ke2 a3 51. Kxd3 a2 52. c4 a1=Q 53. Ke4 Qe1+ 54. Kd5 Qxb4 55. Kd4 d5 56. Kxd5 b5 57. c5 Qc4+ 58. Kd6 Qd4+ 59. Kc6 b4 60. Kb5 b3 61. c6 Qd5+ 62. Kb6 Qxc6+ 63. Kxc6 b2 64. Kd5 b1=Q 65. Ke5 Qb4 66. Kf6 Qb5 67. Kf7 Qc6 68. Ke7 Kc8 69. Kf7 Kd8 70. Kg7 Ke8 71. Kh7 Kf8 72. Kh8 Qh6# 0-1

[Event "CYCC U08 w"]
[Site "Ottawa CAN"]
[Date "2007.07.03"]
[Round "2"]
[White "McLeod, Meaghan"]
[Black "Milicevic, Aleksandra"]
[Result "0-1"]
[WhiteElo "710"]
[BlackElo "755"]
[PlyCount "52"]
[GameId "2160767910650672"]
[EventDate "2007.07.03"]
[EventType "tourn"]
[EventRounds "7"]
[EventCountry "CAN"]
[SourceTitle "EXT 2022"]
[Source "ChessBase"]
[SourceDate "2021.10.06"]
[SourceVersion "1"]
[SourceVersionDate "2021.10.06"]
[SourceQuality "1"]

1. e4 c5 2. e5 Nc6 3. e6 dxe6 4. Nf3 Nf6 5. Nc3 g6 6. d3 Bg7 7. Bf4 O-O 8. d4 cxd4 9. Bc4 dxc3 10. bxc3 Qb6 11. Rb1 Qa5 12. Rb5 Qxc3+ 13. Nd2 Qd4 14. c3 Qxf4 15. O-O Ne4 16. Re1 Nxd2 17. Qe2 Nxc4 18. Rb4 b5 19. a4 Ba6 20. axb5 Bxb5 21. Rxb5 Nd6 22. Rb4 Nxb4 23. cxb4 Qxb4 24. Qd3 Qf4 25. Rf1 Be5 26. Qc3 Qxh2# 0-1

[Event "CYCC U08 w"]
[Site "Ottawa CAN"]
[Date "2007.07.04"]
[Round "3"]
[White "Milicevic, Aleksandra"]
[Black "Bilodeau Savaria, Cendrina"]
[Result "1-0"]
[WhiteElo "755"]
[BlackElo "1046"]
[PlyCount "45"]
[GameId "2160767910650674"]
[EventDate "2007.07.03"]
[EventType "tourn"]
[EventRounds "7"]
[EventCountry "CAN"]
[SourceTitle "EXT 2022"]
[Source "ChessBase"]
[SourceDate "2021.10.06"]
[SourceVersion "1"]
[SourceVersionDate "2021.10.06"]
[SourceQuality "1"]

1. e4 c5 2. Nf3 e6 3. Nc3 d6 4. Bc4 Bd7 5. O-O Be7 6. d4 d5 7. exd5 exd5 8. Bxd5 Nc6 9. dxc5 Bxc5 10. Ng5 Ne5 11. Qe2 Bg4 12. Qe1 Qe7 13. Qe4 Nf6 14. Qf4 Rb8 15. Re1 Bd6 16. Bxf7+ Kf8 17. Nd5 Nxd5 18. Bxd5+ Ke8 19. Nf7 Nd3 20. Rxe7+ Kxe7 21. Qxd6+ Ke8 22. Qxb8+ Bc8 23. Qxc8+ 1-0

[Event "CYCC U08 w"]
[Site "Ottawa CAN"]
[Date "2007.07.04"]
[Round "3"]
[White "Zhang, Flora"]
[Black "Giblon, Melissa"]
[Result "0-1"]
[WhiteElo "760"]
[BlackElo "1012"]
[PlyCount "42"]
[GameId "2160767910650676"]
[EventDate "2007.07.03"]
[EventType "tourn"]
[EventRounds "7"]
[EventCountry "CAN"]
[SourceTitle "EXT 2022"]
[Source "ChessBase"]
[SourceDate "2021.10.06"]
[SourceVersion "1"]
[SourceVersionDate "2021.10.06"]
[SourceQuality "1"]

1. Nf3 Nc6 2. d4 d5 3. Nc3 Bg4 4. h3 Bxf3 5. gxf3 Nxd4 6. e3 Nc6 7. Bb5 e5 8. O-O Nf6 9. e4 dxe4 10. Nxe4 Nxe4 11. fxe4 a6 12. Bxc6+ bxc6 13. Bd2 Bc5 14. Re1 O-O 15. h4 Qxh4 16. Be3 Bxe3 17. fxe3 Qxe4 18. Qd2 f5 19. b4 Rf6 20. b5 Rg6+ 21. Kf2 Qg2# 0-1

[Event "CYCC U08 w"]
[Site "Ottawa CAN"]
[Date "2007.07.04"]
[Round "4"]
[White "Bilodeau Savaria, Cendrina"]
[Black "Wang, Kelly"]
[Result "0-1"]
[WhiteElo "1046"]
[BlackElo "1388"]
[PlyCount "149"]
[GameId "2160767910650677"]
[EventDate "2007.07.03"]
[EventType "tourn"]
[EventRounds "7"]
[EventCountry "CAN"]
[SourceTitle "EXT 2022"]
[Source "ChessBase"]
[SourceDate "2021.10.06"]
[SourceVersion "1"]
[SourceVersionDate "2021.10.06"]
[SourceQuality "1"]

1. Nf3 d5 2. e3 Bg4 3. Be2 Nf6 4. O-O e6 5. Nc3 Bd6 6. d4 Nc6 7. Bd2 O-O 8. Bd3 Bxf3 9. Qxf3 e5 10. dxe5 Nxe5 11. Qd1 Nxd3 12. cxd3 Qd7 13. Qf3 c6 14. Qh3 Qxh3 15. gxh3 Rfe8 16. Rfe1 Re5 17. e4 dxe4 18. Nxe4 Nxe4 19. Rxe4 Rxe4 20. dxe4 Re8 21. Re1 Re6 22. a3 Rg6+ 23. Kh1 Bc5 24. f3 Bf2 25. Rf1 Bd4 26. h4 Bxb2 27. h5 Rd6 28. Bb4 Rh6 29. Rd1 f6 30. Rd7 Rxh5 31. Rxb7 Rg5 32. Bc5 Rxc5 33. Rxb2 Rc3 34. Rb8+ Kf7 35. Rb7+ Kg6 36. Rxa7 Rxf3 37. a4 c5 38. a5 c4 39. a6 c3 40. Rc7 Rf1+ 41. Kg2 Ra1 42. a7 c2 43. Rxc2 Rxa7 44. Rc6 Re7 45. Kf3 Kg5 46. Rc5+ Kg6 47. Kf4 Kf7 48. Rf5 g5+ 49. Ke3 Re5 50. Rxe5 fxe5 51. Kf3 Kg6 52. Kg4 h5+ 53. Kf3 g4+ 54. Ke3 Kg5 55. Kd3 Kh4 56. Ke2 Kh3 57. Kf2 Kxh2 58. Kf1 g3 59. Ke2 g2 60. Kf2 g1=Q+ 61. Ke2 Qg2+ 62. Kd3 Qf3+ 63. Kc4 Qxe4+ 64. Kc5 Kg2 65. Kb6 Qd5 66. Ka7 Qd6 67. Kb7 Kf3 68. Ka7 Ke4 69. Kb7 Kd5 70. Ka7 Kc5 71. Kb7 Qc6+ 72. Ka7 Qb6+ 73. Ka8 Qb5 74. Ka7 Kc6 75. Ka8 0-1

[Event "CYCC U08 w"]
[Site "Ottawa CAN"]
[Date "2007.07.04"]
[Round "4"]
[White "Giblon, Melissa"]
[Black "McLeod, Meaghan"]
[Result "1-0"]
[WhiteElo "1012"]
[BlackElo "710"]
[PlyCount "41"]
[GameId "2160767910650678"]
[EventDate "2007.07.03"]
[EventType "tourn"]
[EventRounds "7"]
[EventCountry "CAN"]
[SourceTitle "EXT 2022"]
[Source "ChessBase"]
[SourceDate "2021.10.06"]
[SourceVersion "1"]
[SourceVersionDate "2021.10.06"]
[SourceQuality "1"]

1. e4 e5 2. Nf3 Nc6 3. Bb5 a6 4. Bxc6 bxc6 5. Nxe5 f6 6. Nf3 Ne7 7. d4 Ng6 8. Nc3 Nf4 9. Bxf4 c5 10. d5 c6 11. dxc6 dxc6 12. Qxd8+ Kxd8 13. O-O-O+ Bd7 14. Na4 c4 15. Nb6 Rb8 16. Rxd7+ Ke8 17. Bxb8 Bc5 18. Rb7 g6 19. Re1 f5 20. exf5+ Kd8 21. Rd7# 1-0

[Event "CYCC U08 w"]
[Site "Ottawa CAN"]
[Date "2007.07.04"]
[Round "4"]
[White "Maxin, Janelle"]
[Black "Milicevic, Aleksandra"]
[Result "0-1"]
[WhiteElo "1046"]
[BlackElo "755"]
[PlyCount "46"]
[GameId "2160767910650679"]
[EventDate "2007.07.03"]
[EventType "tourn"]
[EventRounds "7"]
[EventCountry "CAN"]
[SourceTitle "EXT 2022"]
[Source "ChessBase"]
[SourceDate "2021.10.06"]
[SourceVersion "1"]
[SourceVersionDate "2021.10.06"]
[SourceQuality "1"]

1. e3 c5 2. Qf3 Nc6 3. Bc4 e6 4. d4 cxd4 5. exd4 Nxd4 6. Qd3 Nc6 7. f4 Nf6 8. f5 exf5 9. Qxf5 d5 10. Bb3 Bxf5 11. Nf3 Qe7+ 12. Kd1 Qe4 13. Re1 Nd4 14. Rxe4+ dxe4 15. Nxd4 Rd8 16. Be3 Bc5 17. c3 O-O 18. Nd2 Bxd4 19. Bxd4 Rfe8 20. Bxf6 gxf6 21. a4 e3 22. a5 exd2 23. a6 Re1# 0-1

[Event "CYCC U08 w"]
[Site "Ottawa CAN"]
[Date "2007.07.04"]
[Round "4"]
[White "Zhang, Flora"]
[Black "Duncalfe, Justine"]
[Result "1/2-1/2"]
[WhiteElo "760"]
[BlackElo "938"]
[PlyCount "73"]
[GameId "2160767910650680"]
[EventDate "2007.07.03"]
[EventType "tourn"]
[EventRounds "7"]
[EventCountry "CAN"]
[SourceTitle "EXT 2022"]
[Source "ChessBase"]
[SourceDate "2021.10.06"]
[SourceVersion "1"]
[SourceVersionDate "2021.10.06"]
[SourceQuality "1"]

1. d4 e5 2. dxe5 Bb4+ 3. c3 Ba5 4. b4 Bb6 5. h4 Nh6 6. Bg5 Nf5 7. Bxd8 Kxd8 8. g4 Ne7 9. Nd2 a5 10. e3 Ra6 11. Bxa6 bxa6 12. Ne2 Rf8 13. O-O f6 14. Re1 fxe5 15. Nc4 Ba7 16. bxa5 Bc5 17. Nxe5 Bd6 18. Nc4 Bc5 19. Nf4 Nd5 20. Nxd5 Bb7 21. Nf4 Bc6 22. Ne5 Bb5 23. c4 Ba4 24. Qxa4 g5 25. hxg5 Rh8 26. Nf7+ Ke8 27. Nxh8 Nc6 28. g6 d5 29. gxh7 Kd7 30. Nhg6 Bb4 31. Red1 Kd6 32. h8=Q Kc5 33. Nd3+ Kd6 34. Nxb4 Ne5 35. Qxe5+ Kc5 36. Nc2 c6 37. Nf4 1/2-1/2

[Event "CYCC U08 w"]
[Site "Ottawa CAN"]
[Date "2007.07.05"]
[Round "5"]
[White "Duncalfe, Justine"]
[Black "Giblon, Melissa"]
[Result "0-1"]
[WhiteElo "938"]
[BlackElo "1012"]
[PlyCount "48"]
[GameId "2160767910650681"]
[EventDate "2007.07.03"]
[EventType "tourn"]
[EventRounds "7"]
[EventCountry "CAN"]
[SourceTitle "EXT 2022"]
[Source "ChessBase"]
[SourceDate "2021.10.06"]
[SourceVersion "1"]
[SourceVersionDate "2021.10.06"]
[SourceQuality "1"]

1. d3 e5 2. g3 d5 3. f4 Nc6 4. fxe5 Nxe5 5. d4 Nc6 6. e3 Bd6 7. e4 dxe4 8. d5 Ne5 9. Nc3 Nf6 10. Be3 Bb4 11. Qe2 Nxd5 12. O-O-O Bxc3 13. bxc3 Nxc3 14. Rd2 Nxe2+ 15. Bxe2 Qe7 16. Bf4 Qa3+ 17. Kd1 Nc4 18. Rd3 Nb2+ 19. Kd2 Nxd3 20. Bxd3 exd3 21. cxd3 Qxa2+ 22. Ke1 O-O 23. Ne2 Re8 24. Rf1 Qxe2# 0-1

[Event "CYCC U08 w"]
[Site "Ottawa CAN"]
[Date "2007.07.05"]
[Round "5"]
[White "McLeod, Meaghan"]
[Black "Bilodeau Savaria, Cendrina"]
[Result "0-1"]
[WhiteElo "710"]
[BlackElo "1046"]
[PlyCount "40"]
[GameId "2160767910650682"]
[EventDate "2007.07.03"]
[EventType "tourn"]
[EventRounds "7"]
[EventCountry "CAN"]
[SourceTitle "EXT 2022"]
[Source "ChessBase"]
[SourceDate "2021.10.06"]
[SourceVersion "1"]
[SourceVersionDate "2021.10.06"]
[SourceQuality "1"]

1. e4 c5 2. Bc4 e6 3. Nf3 Nc6 4. O-O d6 5. d4 b6 6. d5 b5 7. dxc6 bxc4 8. e5 Qc7 9. exd6 Bxd6 10. Nc3 Qxc6 11. Nb5 Nf6 12. a4 O-O 13. Re1 a6 14. Nc3 Rd8 15. Re2 Bxh2+ 16. Nxh2 Rxd1+ 17. Nxd1 Qd7 18. Re1 Bb7 19. Bg5 Qd5 20. Bxf6 Qxg2# 0-1

[Event "CYCC U08 w"]
[Site "Ottawa CAN"]
[Date "2007.07.05"]
[Round "5"]
[White "Milicevic, Aleksandra"]
[Black "Zhang, Flora"]
[Result "1-0"]
[WhiteElo "755"]
[BlackElo "760"]
[PlyCount "33"]
[GameId "2160767910650683"]
[EventDate "2007.07.03"]
[EventType "tourn"]
[EventRounds "7"]
[EventCountry "CAN"]
[SourceTitle "EXT 2022"]
[Source "ChessBase"]
[SourceDate "2021.10.06"]
[SourceVersion "1"]
[SourceVersionDate "2021.10.06"]
[SourceQuality "1"]

1. e4 Nc6 2. Nf3 d6 3. Nc3 Bg4 4. Be2 Bxf3 5. Bxf3 Qd7 6. Bg4 e6 7. O-O O-O-O 8. d4 d5 9. exd5 f5 10. dxc6 bxc6 11. Bf3 Nf6 12. Qd3 Bd6 13. Be3 Rhe8 14. d5 exd5 15. Qa6+ Kb8 16. Qxa7+ Kc8 17. Qa8# 1-0

[Event "CYCC U08 w"]
[Site "Ottawa CAN"]
[Date "2007.07.05"]
[Round "5"]
[White "Wang, Kelly"]
[Black "Maxin, Janelle"]
[Result "1-0"]
[WhiteElo "1388"]
[BlackElo "1046"]
[PlyCount "47"]
[GameId "2160767910650684"]
[EventDate "2007.07.03"]
[EventType "tourn"]
[EventRounds "7"]
[EventCountry "CAN"]
[SourceTitle "EXT 2022"]
[Source "ChessBase"]
[SourceDate "2021.10.06"]
[SourceVersion "1"]
[SourceVersionDate "2021.10.06"]
[SourceQuality "1"]

1. d4 d6 2. e4 e6 3. Nf3 e5 4. h3 exd4 5. Nxd4 c5 6. Nf3 Qa5+ 7. Nc3 Be7 8. Bc4 Bf6 9. Bd2 Bxc3 10. Bxc3 Qb6 11. Bxg7 Qc6 12. Qd5 Nf6 13. Qxf7+ Kd8 14. Qxf6+ Ke8 15. Bxh8 Qxe4+ 16. Kf1 Qxc4+ 17. Ke1 b6 18. Rd1 Ba6 19. Rd3 Qxc2 20. Qe6+ Kf8 21. Qxd6+ Ke8 22. Re3+ Kf7 23. Qf6+ Kg8 24. Qg7# 1-0

[Event "CYCC U08 w"]
[Site "Ottawa CAN"]
[Date "2007.07.03"]
[Round "6"]
[White "Zhang, Flora"]
[Black "Wang, Kelly"]
[Result "0-1"]
[WhiteElo "760"]
[BlackElo "1388"]
[PlyCount "112"]
[GameId "2160767910650685"]
[EventDate "2007.07.03"]
[EventType "tourn"]
[EventRounds "7"]
[EventCountry "CAN"]
[SourceTitle "EXT 2022"]
[Source "ChessBase"]
[SourceDate "2021.10.06"]
[SourceVersion "1"]
[SourceVersionDate "2021.10.06"]
[SourceQuality "1"]

1. e4 e5 2. Bc4 Nf6 3. Nf3 Nc6 4. O-O Bc5 5. c3 O-O 6. d4 exd4 7. cxd4 Bb4 8. Bd2 Bxd2 9. Nbxd2 Re8 10. e5 Nh5 11. Re1 Nf4 12. d5 Ne7 13. d6 cxd6 14. exd6 Neg6 15. Rxe8+ Qxe8 16. g3 Ne6 17. Bxe6 Qxe6 18. Nd4 Qxd6 19. N2f3 Ne5 20. Nxe5 Qxe5 21. Nf3 Qxb2 22. Rb1 Qxa2 23. Qe1 h6 24. Rd1 Qa3 25. Qe3 Qxe3 26. fxe3 b6 27. Nd4 a5 28. Nb5 a4 29. Nd6 a3 30. Nxc8 Rxc8 31. Ra1 Ra8 32. Kf2 b5 33. Ke2 b4 34. Kd2 b3 35. Rxa3 Rxa3 36. Kc3 Ra2 37. Kxb3 Rxh2 38. Kc3 Rh3 39. Kd4 Rxg3 40. e4 h5 41. e5 Rg4+ 42. Kd5 f6 43. e6 dxe6+ 44. Kxe6 h4 45. Kf5 h3 46. Kxg4 h2 47. Kf5 g6+ 48. Kxg6 Kf8 49. Kxf6 h1=Q 50. Kg6 Qf1 51. Kg5 Ke7 52. Kh4 Qg1 53. Kh5 Kf6 54. Kh4 Kf5 55. Kh3 Kf4 56. Kh4 Qg4# 0-1

[Event "CYCC U08 w"]
[Site "Ottawa CAN"]
[Date "2007.07.05"]
[Round "6"]
[White "Duncalfe, Justine"]
[Black "Milicevic, Aleksandra"]
[Result "0-1"]
[WhiteElo "938"]
[BlackElo "755"]
[PlyCount "74"]
[GameId "2160767910650686"]
[EventDate "2007.07.03"]
[EventType "tourn"]
[EventRounds "7"]
[EventCountry "CAN"]
[SourceTitle "EXT 2022"]
[Source "ChessBase"]
[SourceDate "2021.10.06"]
[SourceVersion "1"]
[SourceVersionDate "2021.10.06"]
[SourceQuality "1"]

1. e4 c5 2. Bb5 a6 3. Ba4 b5 4. Bb3 Nc6 5. Bd5 g6 6. d3 Bb7 7. Qe2 Nf6 8. Bb3 Nd4 9. Qd2 Nc6 10. Ne2 Bg7 11. O-O O-O 12. Nbc3 Ng4 13. f3 Nf6 14. d4 cxd4 15. Na4 d3 16. cxd3 bxa4 17. Bxa4 Qc7 18. Qe1 Nh5 19. Bf4 Nxf4 20. Nxf4 Qxf4 21. g3 Qd6 22. f4 Bxb2 23. Rd1 Bd4+ 24. Rf2 Bxf2+ 25. Qxf2 Qa3 26. d4 Qxa4 27. d5 Qxd1+ 28. Kg2 Nd4 29. f5 gxf5 30. exf5 Bxd5+ 31. Kh3 Qd3 32. Kh4 Qe4+ 33. Kh3 Nxf5 34. g4 Rab8 35. gxf5 Bxa2 36. Qg1+ Kh8 37. Qf1 Rb3+ 0-1

[Event "CYCC U08 w"]
[Site "Ottawa CAN"]
[Date "2007.07.05"]
[Round "6"]
[White "Giblon, Melissa"]
[Black "Bilodeau Savaria, Cendrina"]
[Result "1-0"]
[WhiteElo "1012"]
[BlackElo "1046"]
[PlyCount "56"]
[GameId "2160767910650687"]
[EventDate "2007.07.03"]
[EventType "tourn"]
[EventRounds "7"]
[EventCountry "CAN"]
[SourceTitle "EXT 2022"]
[Source "ChessBase"]
[SourceDate "2021.10.06"]
[SourceVersion "1"]
[SourceVersionDate "2021.10.06"]
[SourceQuality "1"]

1. e4 Nc6 2. d4 d6 3. Bg5 Bd7 4. Nf3 Nf6 5. e5 dxe5 6. dxe5 Bg4 7. exf6 Bxf3 8. Qxf3 exf6 9. Qe4+ Be7 10. Be3 O-O 11. Bd3 Bb4+ 12. c3 Re8 13. Qxh7+ Kf8 14. cxb4 Qxd3 15. Qxd3 Nxb4 16. Qa3 a5 17. O-O Kg8 18. Qc3 Rac8 19. Nd2 Nd5 20. Qxa5 Ra8 21. Qxd5 b6 22. Ne4 Red8 23. Qh5 Ra5 24. Qh4 Rf5 25. Qg4 Rfd5 26. Bh6 g6 27. h4 Rh5 28. Nxf6+ Kh8 1-0

[Event "CYCC U08 w"]
[Site "Ottawa CAN"]
[Date "2007.07.06"]
[Round "7"]
[White "Bilodeau Savaria, Cendrina"]
[Black "Maxin, Janelle"]
[Result "1-0"]
[WhiteElo "1046"]
[BlackElo "1046"]
[PlyCount "79"]
[GameId "2160767910650689"]
[EventDate "2007.07.03"]
[EventType "tourn"]
[EventRounds "7"]
[EventCountry "CAN"]
[SourceTitle "EXT 2022"]
[Source "ChessBase"]
[SourceDate "2021.10.06"]
[SourceVersion "1"]
[SourceVersionDate "2021.10.06"]
[SourceQuality "1"]

1. d4 e6 2. c4 Qf6 3. Nf3 c5 4. e3 cxd4 5. Qxd4 Qxd4 6. exd4 Bb4+ 7. Nc3 Bxc3+ 8. bxc3 d5 9. Be2 dxc4 10. Bxc4 b6 11. O-O Ba6 12. Bxa6 Nxa6 13. Re1 b5 14. Re5 b4 15. Rb1 bxc3 16. Rb3 f6 17. Ra5 Nc7 18. Rxc3 Nd5 19. Rb3 Nf4 20. Bxf4 Rc8 21. h3 Rc1+ 22. Kh2 e5 23. dxe5 fxe5 24. Bxe5 Nf6 25. Rb8+ Ke7 26. Rxh8 Nd7 27. Bb2 Rc2 28. Bd4 Rxf2 29. Bxf2 h6 30. Ne5 Nxe5 31. Rxe5+ Kf6 32. Ra5 Ke7 33. Rxa7+ Kd6 34. Ra5 Kc6 35. Rd8 g5 36. Ra3 h5 37. Rc3+ Kb7 38. Rd2 g4 39. Rb2+ Ka6 40. Ra3# 1-0

[Event "CYCC U08 w"]
[Site "Ottawa CAN"]
[Date "2007.07.06"]
[Round "7"]
[White "McLeod, Meaghan"]
[Black "Zhang, Flora"]
[Result "0-1"]
[WhiteElo "710"]
[BlackElo "760"]
[PlyCount "60"]
[GameId "2160767910650690"]
[EventDate "2007.07.03"]
[EventType "tourn"]
[EventRounds "7"]
[EventCountry "CAN"]
[SourceTitle "EXT 2022"]
[Source "ChessBase"]
[SourceDate "2021.10.06"]
[SourceVersion "1"]
[SourceVersionDate "2021.10.06"]
[SourceQuality "1"]

1. e4 e5 2. Nf3 d5 3. exd5 Nd7 4. d3 Ngf6 5. Be2 e4 6. dxe4 Nxe4 7. O-O Bc5 8. h3 O-O 9. Bg5 f6 10. Bf4 Bxf2+ 11. Rxf2 Nxf2 12. Qf1 Ne4 13. d6 cxd6 14. Bc4+ Kh8 15. Nbd2 Nxd2 16. Bxd2 Ne5 17. Bd3 a6 18. b3 Bd7 19. Bc4 Bb5 20. a4 Bxc4 21. bxc4 Nxf3+ 22. Qxf3 Qb6+ 23. c5 dxc5 24. Rf1 Qd6 25. Qe3 Rae8 26. Qc3 Qd4+ 27. Kh1 Re2 28. Qa5 Rxd2 29. Rf3 Rd1+ 30. Rf1 Rxf1+ 0-1

[Event "CYCC U08 w"]
[Site "Ottawa CAN"]
[Date "2007.07.06"]
[Round "7"]
[White "Milicevic, Aleksandra"]
[Black "Giblon, Melissa"]
[Result "1-0"]
[WhiteElo "755"]
[BlackElo "1012"]
[PlyCount "101"]
[GameId "2160767910650691"]
[EventDate "2007.07.03"]
[EventType "tourn"]
[EventRounds "7"]
[EventCountry "CAN"]
[SourceTitle "EXT 2022"]
[Source "ChessBase"]
[SourceDate "2021.10.06"]
[SourceVersion "1"]
[SourceVersionDate "2021.10.06"]
[SourceQuality "1"]

1. e4 e5 2. Nf3 Nc6 3. d4 d6 4. d5 Nb4 5. Nc3 Bg4 6. Be2 Qd7 7. Nxe5 dxe5 8. Bg5 Be7 9. Bxe7 Nxe7 10. Bxg4 Qd8 11. O-O O-O 12. Qd2 c6 13. Ne2 Na6 14. Ng3 cxd5 15. Nh5 h6 16. exd5 Nxd5 17. Rfe1 Rb8 18. Qe2 Re8 19. Bf3 Nac7 20. c4 e4 21. Bxe4 Qg5 22. Ng3 Nf4 23. Qf3 Nce6 24. Bd5 Rbd8 25. Rab1 Nd4 26. Rxe8+ Rxe8 27. Qa3 Nde2+ 28. Nxe2 Nxe2+ 29. Kh1 Qe5 30. Qa5 b6 31. Qb5 Nf4 32. h3 Rd8 33. Bxf7+ Kxf7 34. Qxe5 Nd3 35. Qc7+ Ke8 36. Qxg7 Nxf2+ 37. Kg1 Rd7 38. Qg8+ Ke7 39. Re1+ Kd6 40. Kxf2 Kc7 41. Qg3+ Kb7 42. Qf3+ Ka6 43. b4 b5 44. Qa3+ Kb6 45. Re6+ Kb7 46. cxb5 Rf7+ 47. Kg1 Kc8 48. Qa6+ Kd7 49. Qd6+ Kc8 50. Re8+ Kb7 51. Qc6# 1-0

[Event "CYCC U08 w"]
[Site "Ottawa CAN"]
[Date "2007.07.06"]
[Round "7"]
[White "Wang, Kelly"]
[Black "Duncalfe, Justine"]
[Result "1-0"]
[WhiteElo "1388"]
[BlackElo "938"]
[PlyCount "23"]
[GameId "2160767910650692"]
[EventDate "2007.07.03"]
[EventType "tourn"]
[EventRounds "7"]
[EventCountry "CAN"]
[SourceTitle "EXT 2022"]
[Source "ChessBase"]
[SourceDate "2021.10.06"]
[SourceVersion "1"]
[SourceVersionDate "2021.10.06"]
[SourceQuality "1"]

1. d4 e6 2. e4 Nf6 3. e5 Ne4 4. Bd3 Ng5 5. Nc3 Bb4 6. Qd2 O-O 7. Qxg5 f6 8. Qh4 Na6 9. Qxh7+ Kf7 10. Bg6+ Ke7 11. Qxg7+ Rf7 12. Qxf7# 1-0

[Event "CYCC U08 w playoff"]
[Site "Ottawa CAN"]
[Date "2007.07.06"]
[Round "1"]
[White "Giblon, Melissa"]
[Black "Bilodeau Savaria, Cendrina"]
[Result "0-1"]
[WhiteElo "1012"]
[BlackElo "1046"]
[PlyCount "132"]
[GameId "2160767910642418"]
[EventDate "2007.07.06"]
[EventType "match"]
[EventCountry "CAN"]
[SourceTitle "EXT 2022"]
[Source "ChessBase"]
[SourceDate "2021.10.06"]
[SourceVersion "1"]
[SourceVersionDate "2021.10.06"]
[SourceQuality "1"]

1. e4 c5 2. Nf3 e6 3. Nc3 d6 4. d4 Nc6 5. dxc5 dxc5 6. Qxd8+ Nxd8 7. Bg5 Nf6 8. O-O-O h6 9. Bb5+ Nc6 10. Bxf6 gxf6 11. Rd2 a6 12. Bxc6+ bxc6 13. Rhd1 Bb7 14. Rd7 Rb8 15. e5 f5 16. Kb1 Bg7 17. Na4 Bf8 18. Nb6 Be7 19. R7d3 a5 20. Nd7 Rd8 21. Nf6+ Kf8 22. Rxd8+ Bxd8 23. Rxd8+ Kg7 24. Nh5+ Kh7 25. Nf6+ Kg7 26. Rxh8 Kxh8 27. Nh4 Kg7 28. Nf3 Kg6 29. Nh4+ Kg5 30. g3 f4 31. gxf4+ Kxf4 32. Ng2+ Kxe5 33. Ng4+ Kd6 34. Nxh6 f5 35. Ne3 f4 36. Nc4+ Kd5 37. Nb6+ Ke4 38. c3 Kf3 39. Nf5 Kxf2 40. Nd6 Ba6 41. h4 Ke1 42. h5 f3 43. Ne4 Bd3+ 44. Kc1 Bxe4 45. Nc4 f2 46. Ne3 Ke2 47. b3 Kxe3 48. h6 f1=Q+ 49. Kb2 Qh3 50. Ka3 Qxh6 51. b4 cxb4+ 52. cxb4 axb4+ 53. Kxb4 Bb1 54. a4 Bc2 55. a5 Qf8+ 56. Kc3 Qa3+ 57. Kxc2 Qxa5 58. Kb2 Qc5 59. Kb1 Kd4 60. Kb2 e5 61. Kb1 e4 62. Kb2 e3 63. Kb1 e2 64. Ka2 e1=Q 65. Kb3 Qeb4+ 66. Ka2 Qca5# 0-1

[Event "CYCC U10"]
[Site "Ottawa CAN"]
[Date "2007.07.03"]
[Round "1"]
[White "Boucher, Maxime"]
[Black "Kalra, Agastya"]
[Result "0-1"]
[WhiteElo "964"]
[BlackElo "1365"]
[PlyCount "46"]
[GameId "2160767910650694"]
[EventDate "2007.07.03"]
[EventType "swiss"]
[EventRounds "7"]
[EventCountry "CAN"]
[SourceTitle "EXT 2022"]
[Source "ChessBase"]
[SourceDate "2021.10.06"]
[SourceVersion "1"]
[SourceVersionDate "2021.10.06"]
[SourceQuality "1"]

1. e4 c5 2. Bc4 d6 3. Nc3 Nf6 4. Nf3 Nc6 5. O-O g6 6. Bb5 Bg7 7. Ng5 O-O 8. d3 a6 9. Bc4 b5 10. Bb3 Nd4 11. Bxf7+ Rxf7 12. Nxf7 Kxf7 13. f4 Bg4 14. Qe1 Nxc2 15. Qd2 Nxa1 16. h3 b4 17. hxg4 bxc3 18. Qxc3 Nxe4 19. Qc4+ d5 20. Qxc5 Nxc5 21. f5 e6 22. b4 Bd4+ 23. Kh1 Qh4# 0-1